| 000 | 00882nam a22002897a 4500 | ||
|---|---|---|---|
| 003 | CHAP | ||
| 005 | 20220329141121.0 | ||
| 008 | 971010s1981 r 00010 d | ||
| 010 | _a62847 | ||
| 011 | _a63819 | ||
| 035 | _a68306 | ||
| 040 | _cCHAP | ||
| 082 |
_a598.4 _bB5 |
||
| 100 | 0 | 0 |
_aBlay, Martin. _913151 |
| 245 |
_aCría rentable de patos y gansos _b: manual práctico |
||
| 260 |
_aBarcelona : _bDe Vecchi, _c1981 |
||
| 300 | _a176 p. | ||
| 590 |
_aBATCH-UPD _b10 _c20130110 _lUCH01 _h0602 |
||
| 590 |
_aCONVERSION _b10 _c20130109 _lUCH01 _h1334 |
||
| 650 | 1 | 4 |
_aGansos. _945563 |
| 650 | 1 | 4 |
_aPatos. _986202 |
| 901 | _aBK | ||
| 942 | _cLIBRO | ||
| 949 |
_a598.4 B5 _bBC _cLIBRO _d33724000663266 _eLIBRO _gI. 123874 _h63595 _i68306 _si _t35.00 |
||
| 949 |
_a636.597 B5 _bZ _cLIBRO _d-419 _eLIBRO _h655 _i68306 _si |
||
| 949 |
_a636.597 B5 _bZ _cLIBRO _d-43664 _eLIBRO _fc.2 _h624 _i68306 _si |
||
| 999 |
_c62847 _d62847 |
||